01046 a2200457 4500000002100000001000700021005001700028008004100045010000500086020000500091082001900096100002800115110000500143245006300148250000500211260002900216300001000245490000700255500000500262600000500267610000500272611000500277630000500282650000500287651000500292654000500297690007400302700002600376710000900402711000500411720000500416730000500421740000500426752000500431856000900436904000500445964001700450965000500467999001500472952010100487BKB 06954120200902150316.0  a a a658.4038bF39K1 aFernandez, Irma Becerra a1 aKnowledge managementcby Irma Becerra Fernandez...[et.al.] a aNew DelhibPearsonc2009 a406p. av a a a a a a a a aOrganizational learning; Information technology; Knowledge management aGonzalez, Avelinobc abc a a a a a adf a abcdefg a c3085d3085 00104070aCURAJbCURAJd2012-03-07g375.00l0o658.4038 F39Kp3828r2024-11-21w2020-09-02yBK